[Event "Titled Tue 24th Jun Early"]
[Site "chess.com INT"]
[Date "2025.06.24"]
[Round "9"]
[White "Toktomushev, Teimur"]
[Black "Ladan, Nicholas"]
[Result "1-0"]
[WhiteTitle "FM"]
[WhiteElo "2390"]
[BlackElo "2218"]
[WhiteFideId "14176726"]
[BlackFideId "30918855"]
[EventDate "2025.06.24"]

1. d4 d5 2. c4 e6 3. Nc3 Nf6 4. cxd5 exd5 5. Bg5 Be7 6. e3 O-O 7. Bd3 c6 8. Qc2
h6 9. Bh4 Nh5 10. Bxe7 Qxe7 11. Nge2 Na6 12. a3 Nc7 13. O-O Ne6 14. Rae1 Qh4 15.
f3 Ng5 16. Nc1 Nf6 17. Qf2 Qxf2+ 18. Kxf2 Bd7 19. Nb3 b6 20. Rd1 Rfe8 21. Rfe1
a5 22. h3 a4 23. Nd2 Ne6 24. Bc2 c5 25. Nf1 Bc6 26. Ng3 g6 27. Nge2 h5 28. Rd2
Kg7 29. Red1 Red8 30. Bb1 Rab8 31. e4 c4 32. e5 Ne8 33. f4 b5 34. Na2 N8c7 35.
Nb4 Bb7 36. g4 hxg4 37. hxg4 Na6 38. Nxa6 Bxa6 39. f5 Ng5 40. Kg3 b4 41. axb4
Rxb4 42. Kf4 Nh3+ 43. Kg3 Rb3+ 44. Nc3 Ng5 45. Ba2 Ne4+ 46. Kf4 Nxd2 47. Rxd2
Rh8 48. Bxb3 cxb3 49. Nxa4 Bc4 50. Nc5 Rh3 51. Rd1 Kh6 52. g5+ Kh5 53. e6 fxe6
54. fxe6 Rh4+ 55. Ke5 Rh2 56. Re1 Bb5 57. e7 Kxg5 58. Nxb3 Rxb2 59. Nc5 Be8 60.
Kxd5 Bf7+ 61. Kd6 Rb6+ 62. Kc7 Rb4 63. Re4 Kf5 64. Re5+ Kf6 65. Re4 Rxd4 66.
Rxd4 Kxe7 67. Rd7+ Kf6 68. Kd6 g5 69. Ne4+ Kg6 70. Nxg5 Be8 71. Re7 Ba4 72. Ne6
Kf6 73. Nd4 Kg6 74. Ke5 Bd1 75. Nf5 Bc2 76. Rg7+ Kh5 77. Kf4 Be4 78. Rg5# 1-0

[Event "Titled Tue 24th Jun Early"]
[Site "chess.com INT"]
[Date "2025.06.24"]
[Round "9"]
[White "Mekhitarian, Krikor Sevag"]
[Black "Teterev, Vitaly"]
[Result "0-1"]
[WhiteTitle "GM"]
[BlackTitle "GM"]
[WhiteElo "2564"]
[BlackElo "2248"]
[WhiteFideId "2107660"]
[BlackFideId "13501429"]
[EventDate "2025.06.24"]

1. Nf3 d5 2. c4 c6 3. d4 Nf6 4. Nc3 e6 5. Qc2 Bb4 6. Bg5 Nbd7 7. e3 h6 8. Bh4
O-O 9. Bd3 dxc4 10. Bxc4 Qa5 11. O-O Nd5 12. Rac1 Nxc3 13. bxc3 Ba3 14. Rb1 Nb6
15. Bd3 Qa4 16. Qe2 Nd5 17. Rb3 Be7 18. Bg3 b5 19. c4 Nb4 20. cxb5 Nxd3 21. Qxd3
cxb5 22. Ne5 b4 23. Qb1 Ba6 24. Rd1 Rfc8 25. h3 Bb7 26. f3 Qb5 27. Be1 a5 28.
Rb2 Qa4 29. e4 Ba6 30. Bf2 Rc3 31. d5 exd5 32. exd5 Bd6 33. Bd4 Rc7 34. Nc6 Bb5
35. Re1 Bxc6 36. dxc6 Qxc6 37. Qf5 Bf8 38. Rbe2 Rd8 39. Ba1 Rcd7 40. Kh1 Qg6 41.
Qxa5 Rd1 42. Qe5 Rxe1+ 43. Rxe1 Rd2 44. Qh2 Rxa2 45. Be5 Rc2 46. Rg1 b3 47. Qf4
Qe6 48. Qe4 Rc4 49. Qe3 Rc5 50. Bd4 Qxe3 51. Bxe3 Rc2 52. Rb1 b2 53. Kh2 Ba3 54.
Bd4 Rc1 55. Rxb2 Bxb2 56. Bxb2 Rc2 57. Bd4 f6 58. Be3 Kf7 59. Kg3 Ke6 60. Bb6 g5
61. Ba7 Kd5 62. Kh2 Kc4 63. Bb6 Kd3 64. Bd8 Rc6 65. Kg3 Kd4 66. h4 Ke5 67. hxg5
hxg5 68. Ba5 Kf5 69. Bd2 Rc2 70. Be3 Ke5 71. Ba7 Re2 72. Bb8+ Ke6 73. Ba7 f5 74.
Kh2 g4 75. fxg4 fxg4 76. Kg3 Kf5 77. Bb6 Rc2 78. Ba7 Rc3+ 79. Kf2 Rb3 80. Bc5
g3+ 81. Ke2 Ke4 82. Ba7 Rb2+ 83. Kf1 Kd3 0-1

[Event "Titled Tue 24th Jun Early"]
[Site "chess.com INT"]
[Date "2025.06.24"]
[Round "9"]
[White "Logozar, Elijah"]
[Black "Ghosh, Chanchal Kumer"]
[Result "0-1"]
[BlackTitle "CM"]
[WhiteElo "1928"]
[BlackElo "2018"]
[WhiteFideId "30963788"]
[BlackFideId "10201858"]
[EventDate "2025.06.24"]

1. e4 c5 2. Nf3 d6 3. d4 cxd4 4. Nxd4 Nf6 5. Nc3 a6 6. Bc4 e5 7. Nf5 Bxf5 8.
exf5 Nbd7 9. g4 h6 10. Be3 Rc8 11. Bb3 Qa5 12. Rg1 Ne4 13. Qd5 Qxd5 14. Nxd5 b5
15. f3 Nec5 16. O-O-O Nxb3+ 17. axb3 Be7 18. Kb1 Rc6 19. Rd2 Nf6 20. Nb4 Rc8 21.
Rgd1 a5 22. Nd5 Nxd5 23. Rxd5 Rb8 24. f4 f6 25. h4 Kf7 26. c3 Rhc8 27. g5 hxg5
28. hxg5 Rh8 29. g6+ Ke8 30. fxe5 fxe5 31. Ba7 Rb7 32. Be3 Rh5 33. Rf1 a4 34.
bxa4 bxa4 35. Ra5 Rh3 36. Bd2 Rh2 37. Rd1 e4 38. Ra8+ Kd7 39. Rxa4 e3 40. Bc1 e2
41. Rg1 Bh4 42. Bd2 e1=Q+ 43. Bxe1 Rhxb2+ 44. Kc1 Rb1+ 45. Kc2 R7b2+ 46. Kd3
Bxe1 47. Ra7+ Kc6 48. Rxg7 Bxc3 49. Rxb1 Bxg7 50. Rc1+ Kd7 51. Rf1 Bf6 52. Rh1
Rf2 53. Rh7+ Kc6 54. Ke4 Be5 55. g7 Rg2 56. Rh6 Rxg7 57. Rh3 Rg4+ 58. Kf3 Rf4+
59. Ke3 Rxf5 60. Ke4 Rf4+ 61. Ke3 Kd5 62. Rh1 Ke6 63. Rd1 d5 64. Rb1 d4+ 65. Kd3
Kf5 66. Rb7 Rf3+ 67. Ke2 Ke4 68. Ra7 Rb3 69. Rh7 Rb2+ 70. Kd1 Bf4 71. Re7+ Kd3
72. Ke1 Be3 73. Kf1 Rb1+ 74. Kg2 Ke2 75. Ra7 d3 76. Ra2+ d2 77. Rc2 Ke1 78. Kf3
d1=Q+ 79. Kxe3 Qxc2 80. Kd4 Rb4+ 81. Ke5 Qc5+ 82. Ke6 Rb6+ 83. Kd7 Qc6+ 84. Kd8
Rb8+ 85. Ke7 Rb7+ 86. Kd8 Qd7# 0-1

[Event "Titled Tue 24th Jun Early"]
[Site "chess.com INT"]
[Date "2025.06.24"]
[Round "9"]
[White "Sharapov, Yevhen"]
[Black "Aradhya, Garg"]
[Result "1/2-1/2"]
[WhiteTitle "GM"]
[BlackTitle "IM"]
[WhiteElo "2375"]
[BlackElo "2370"]
[WhiteFideId "14103133"]
[BlackFideId "25006746"]
[EventDate "2025.06.24"]

1. e4 c6 2. d4 d5 3. e5 Bf5 4. c4 e6 5. Nc3 Bb4 6. a3 Bxc3+ 7. bxc3 Ne7 8. Nf3
Nd7 9. Be2 O-O 10. O-O h6 11. a4 c5 12. Ba3 Rc8 13. dxc5 Nxc5 14. Nd4 Bg6 15.
Nb5 Qb6 16. Nd6 Rc7 17. a5 Qb3 18. Bxc5 Qxd1 19. Rfxd1 Rxc5 20. Nxb7 Rc7 21. Nd6
Rb8 22. cxd5 Nxd5 23. c4 Nc3 24. Rd2 Nb1 25. Rd1 Nc3 26. Re1 Rb2 27. Bf3 Rc5 28.
h3 Bd3 29. Ra3 Rc2 30. Re3 Ne2+ 31. Kh2 Nf4 32. Rexd3 Nxd3 33. Rxd3 Rxe5 34. Rb3
Rxf2 35. Rb8+ Kh7 36. a6 Kg6 37. Rb7 Ra2 38. Rxa7 Rea5 39. Bb7 f5 40. Ra8 e5 41.
Re8 e4 42. Nb5 Kg5 43. a7 Rxa7 44. Nxa7 Rxa7 45. Bd5 Kf4 46. c5 Ra5 47. Rc8 e3
48. Bf3 Ra2 49. Re8 Rc2 50. c6 g5 51. Re7 g4 52. hxg4 fxg4 53. Bd5 h5 54. Rf7+
Ke5 55. Bb3 Rxc6 56. Re7+ Kd4 57. Rd7+ Kc3 58. Bf7 Rc5 59. Re7 Kd2 60. Kg3 e2
61. Kh4 e1=Q+ 62. Rxe1 Kxe1 63. Bxh5 Kf2 64. g3 Rc4 65. Bxg4 Kg2 66. Kg5 Kxg3
67. Bf5 Rc5 68. Kf6 Kf4 69. Be6 Rc6 70. Ke7 Ke5 71. Bb3 Rc7+ 72. Kf8 Kd6 73. Ba2
Ra7 74. Bb3 Ke5 75. Bc4 Kf6 76. Ke8 Rc7 77. Bb3 Rc3 78. Ba2 Rc2 79. Bb3 Rb2 80.
Bc4 Ke5 81. Ke7 Rb7+ 82. Kf8 Kd6 83. Ba2 Re7 84. Bb3 Re3 85. Bc4 Rc3 86. Ba2 Kd7
87. Kf7 Rf3+ 88. Kg6 Rf2 89. Bb3 Ke7 90. Bc4 Rf4 91. Bb3 Rf3 92. Bc4 Kd6 93. Ba2
Ke5 94. Bc4 Rf4 95. Bb3 Rg4+ 96. Kf7 Rg3 97. Bc4 Rc3 98. Ba2 Kf5 99. Ke7 Ra3
100. Bc4 Ke5 101. Kf7 Ra4 102. Bb3 Ra7+ 103. Kf8 Kf6 104. Ke8 Rb7 105. Bc4 Rc7
106. Bb3 Rc3 107. Ba2 Re3+ 108. Kd8 Ra3 109. Bc4 Ke5 110. Ke7 Ra7+ 111. Kf8 Kd6
112. Bb3 Rc7 113. Ba2 Rc3 114. Kf7 Rf3+ 115. Ke8 Ra3 116. Bc4 Ra8+ 1/2-1/2

[Event "Titled Tue 24th Jun Early"]
[Site "chess.com INT"]
[Date "2025.06.24"]
[Round "10"]
[White "Subramanian, Anusha"]
[Black "Zmijanac, Dusko"]
[Result "1-0"]
[WhiteTitle "WFM"]
[BlackTitle "FM"]
[WhiteElo "2045"]
[BlackElo "2007"]
[WhiteFideId "477710"]
[BlackFideId "908762"]
[EventDate "2025.06.24"]

1. Nf3 b5 2. e4 Bb7 3. Bxb5 Bxe4 4. d4 c6 5. Bd3 Bxf3 6. Qxf3 d5 7. O-O Nf6 8.
Bf4 e6 9. Nd2 Bd6 10. c3 O-O 11. Rfe1 Qc7 12. Be5 Nbd7 13. Qg3 Rab8 14. Bxd6 1-0

[Event "Titled Tue 24th Jun Early"]
[Site "chess.com INT"]
[Date "2025.06.24"]
[Round "10"]
[White "Shapiro, Daniel"]
[Black "Alikulov, Elbek"]
[Result "1-0"]
[WhiteTitle "FM"]
[BlackTitle "IM"]
[WhiteElo "2284"]
[BlackElo "2305"]
[WhiteFideId "2001780"]
[BlackFideId "14203308"]
[EventDate "2025.06.24"]

1. d4 Nf6 2. c4 g6 3. Nc3 Bg7 4. e4 d6 5. Be2 O-O 6. h4 c5 7. d5 b5 8. cxb5 a6
9. b6 Qxb6 10. h5 Bd7 11. hxg6 hxg6 12. Qd3 a5 13. Qg3 Na6 14. Qh4 Rfb8 15. Bh6
Bh8 16. Bf8 Kxf8 17. Qxh8+ Ng8 18. Rh7 Qxb2 19. Qg7+ Ke8 20. Qxg8# 1-0

[Event "Titled Tue 24th Jun Early"]
[Site "chess.com INT"]
[Date "2025.06.24"]
[Round "10"]
[White "Mafra, Kaiser Luiz"]
[Black "Porozhnyak, Maya"]
[Result "0-1"]
[WhiteTitle "CM"]
[BlackTitle "WCM"]
[WhiteElo "2076"]
[BlackElo "1953"]
[WhiteFideId "2106698"]
[BlackFideId "34115843"]
[EventDate "2025.06.24"]

1. e4 c5 2. d4 cxd4 3. c3 d3 4. Bxd3 e6 5. Nf3 d6 6. c4 a6 7. Nc3 Nc6 8. O-O Qc7
9. a3 Nf6 10. Bf4 Ne5 11. Nxe5 dxe5 12. Be3 Bd7 13. Rc1 Rd8 14. Qe2 Be7 15. Rfd1
O-O 16. f3 Bc5 17. b4 Bxe3+ 18. Qxe3 Nh5 19. g3 g6 20. Ne2 f5 21. Rf1 f4 22. Qf2
fxg3 23. Nxg3 Nf4 24. Bb1 Nh3+ 0-1

[Event "Titled Tue 24th Jun Early"]
[Site "chess.com INT"]
[Date "2025.06.24"]
[Round "10"]
[White "Harriott, Tyrell"]
[Black "Bezuch, Martin"]
[Result "1-0"]
[BlackTitle "FM"]
[WhiteElo "1924"]
[BlackElo "2238"]
[WhiteFideId "2086484"]
[BlackFideId "14906333"]
[EventDate "2025.06.24"]

1. d4 g6 2. e3 Bg7 3. Bd3 Nf6 4. f4 d6 5. Nf3 O-O 6. O-O b6 7. Nbd2 Bb7 8. f5 c5
9. Qe1 d5 10. c3 Ne4 11. fxg6 hxg6 12. Bxe4 dxe4 13. Ng5 cxd4 14. Qh4 1-0

[Event "Titled Tue 24th Jun Early"]
[Site "chess.com INT"]
[Date "2025.06.24"]
[Round "10"]
[White "Yanev, Tihomir"]
[Black "Szczepanek, Radoslaw"]
[Result "1-0"]
[WhiteTitle "IM"]
[BlackTitle "CM"]
[WhiteElo "2354"]
[BlackElo "2197"]
[WhiteFideId "2910110"]
[BlackFideId "1120395"]
[EventDate "2025.06.24"]

1. d4 Nf6 2. Nf3 e6 3. c4 Bb4+ 4. Nbd2 O-O 5. e3 Re8 6. Bd3 d6 7. O-O e5 8. Qc2
h6 9. Ne4 Nbd7 10. a3 Ba5 11. b4 Bb6 12. c5 d5 13. Nxf6+ Qxf6 14. dxe5 Nxe5 15.
Nxe5 Qxe5 16. Bb2 Qg5 17. cxb6 Bh3 18. f4 Qg4 19. Rf3 1-0

[Event "Titled Tue 24th Jun Early"]
[Site "chess.com INT"]
[Date "2025.06.24"]
[Round "10"]
[White "Khanbutaev, Artemii"]
[Black "Al-Tarboush, Ward"]
[Result "0-1"]
[BlackTitle "FM"]
[WhiteElo "2139"]
[BlackElo "2223"]
[WhiteFideId "55747175"]
[BlackFideId "7601450"]
[EventDate "2025.06.24"]

1. d4 Nf6 2. c4 b6 3. f3 Nc6 4. e4 e5 5. d5 Nd4 6. Ne2 Bc5 7. Nbc3 Ba6 8. b3 O-O
9. Nxd4 exd4 10. Ne2 Re8 11. Nxd4 Nxe4 12. fxe4 Rxe4+ 13. Ne2 Qf6 14. Bf4 Qxf4
15. Qd3 Rae8 16. Qf3 Qe5 17. Rd1 Re3 18. Qg4 Qc3+ 19. Rd2 Rd3 20. Qf4 Qc1+ 21.
Rd1 Rxd1# 0-1

[Event "Titled Tue 24th Jun Early"]
[Site "chess.com INT"]
[Date "2025.06.24"]
[Round "10"]
[White "Punin, Andrii"]
[Black "Baskakov, Egor"]
[Result "1/2-1/2"]
[WhiteTitle "FM"]
[BlackTitle "CM"]
[WhiteElo "2289"]
[BlackElo "2215"]
[WhiteFideId "14112639"]
[BlackFideId "24197866"]
[EventDate "2025.06.24"]

1. Nf3 Nf6 2. c4 e6 3. g3 d5 4. Bg2 Be7 5. O-O O-O 6. d4 Ne4 7. e3 c6 8. Qc2 f5
9. b3 Bd7 10. Ne5 Be8 11. f3 Nf6 12. a4 Nbd7 13. Nd3 c5 14. Ba3 Rc8 15. dxc5
Nxc5 16. Nxc5 Bxc5 17. Bxc5 Rxc5 18. Qd2 Bc6 19. Na3 dxc4 20. Qxd8 Rxd8 21. b4
Rcd5 22. f4 Rd2 23. Bxc6 bxc6 24. Nxc4 Rc2 25. Rfc1 Re2 26. Re1 Rc2 27. Rec1 Re2
28. Re1 Rc2 29. Rec1 1/2-1/2

[Event "Titled Tue 24th Jun Early"]
[Site "chess.com INT"]
[Date "2025.06.24"]
[Round "10"]
[White "Domin, Yan"]
[Black "Gubajdullin, Alexei"]
[Result "1-0"]
[WhiteTitle "FM"]
[BlackTitle "FM"]
[WhiteElo "2222"]
[BlackElo "2233"]
[WhiteFideId "34169342"]
[BlackFideId "4141202"]
[EventDate "2025.06.24"]

1. e4 c5 2. c3 d5 3. exd5 Qxd5 4. d4 g6 5. Nf3 Bg7 6. Nbd2 cxd4 7. Bc4 Qd8 8.
Nxd4 Nf6 9. O-O O-O 10. N2f3 Qc7 11. Qe2 a6 12. Re1 b5 13. Bb3 e6 14. Ne5 Nbd7
15. Nxf7 Rxf7 16. Nxe6 Qc6 17. Nd8 Qc5 18. Nxf7 Nd5 19. Qe8+ Nf8 20. Nh6+ Bxh6
21. Bxh6 Bb7 22. Qe5 Rd8 23. Bxd5+ Qxd5 24. Qg7# 1-0

[Event "Titled Tue 24th Jun Early"]
[Site "chess.com INT"]
[Date "2025.06.24"]
[Round "10"]
[White "Xiong, Jeffery"]
[Black "Lazavik, Denis"]
[Result "1-0"]
[WhiteTitle "GM"]
[BlackTitle "GM"]
[WhiteElo "2639"]
[BlackElo "2580"]
[WhiteFideId "2047640"]
[BlackFideId "13515110"]
[EventDate "2025.06.24"]

1. c4 Nf6 2. Nc3 g6 3. e4 d6 4. d4 Bg7 5. Be2 O-O 6. Be3 e5 7. d5 Na6 8. h4 Nc5
9. Qc2 c6 10. h5 cxd5 11. cxd5 Qa5 12. Kf1 Bd7 13. h6 Bh8 14. Rh4 Rac8 15. Qb1
Qd8 16. Bg5 a5 17. Nf3 Qe8 18. Nd2 b5 19. a4 bxa4 20. Nc4 Qe7 21. Nxa5 Ra8 22.
Nc6 Qe8 23. Bb5 Nb3 24. Rxa4 Nd4 25. Rxa8 Qxa8 26. Ne7# 1-0

[Event "Titled Tue 24th Jun Early"]
[Site "chess.com INT"]
[Date "2025.06.24"]
[Round "10"]
[White "Chylewski, Patryk"]
[Black "Anakok, Deniz"]
[Result "1-0"]
[WhiteTitle "IM"]
[BlackTitle "CM"]
[WhiteElo "2313"]
[BlackElo "2058"]
[WhiteFideId "1186191"]
[BlackFideId "51603586"]
[EventDate "2025.06.24"]

1. e4 c5 2. Nf3 e6 3. c3 Nf6 4. e5 Nd5 5. Bc4 Nb6 6. Bb3 d6 7. exd6 Bxd6 8. d4
cxd4 9. Nxd4 O-O 10. O-O Nc6 11. Nxc6 bxc6 12. Nd2 c5 13. Ne4 Be7 14. Be3 Qc7
15. Qh5 Bb7 16. Bc2 Qc6 17. Nf6+ Bxf6 18. Qxh7# 1-0

[Event "Titled Tue 24th Jun Early"]
[Site "chess.com INT"]
[Date "2025.06.24"]
[Round "10"]
[White "Willim, Michael"]
[Black "Klys, Kacper"]
[Result "0-1"]
[WhiteTitle "CM"]
[BlackTitle "CM"]
[WhiteElo "2024"]
[BlackElo "2218"]
[WhiteFideId "4632435"]
[BlackFideId "21005281"]
[EventDate "2025.06.24"]

1. c4 Nf6 2. Nf3 e6 3. g3 d5 4. Bg2 d4 5. O-O Nc6 6. e3 Bc5 7. exd4 Nxd4 8. Nc3
O-O 9. d3 c6 10. Re1 Re8 11. Na4 Nxf3+ 12. Qxf3 Bd4 13. Nc3 e5 14. Bg5 Bg4 15.
Bxf6 Bxf3 16. Bxd8 Bxg2 17. Kxg2 Raxd8 18. Kf3 Bxc3 19. bxc3 Rxd3+ 20. Re3 Rd2
21. g4 f6 22. a4 Re7 23. Re2 Rd3+ 24. Re3 Rd2 25. Re2 Red7 26. Ke3 R2d3+ 27. Ke4
Rxc3 28. Kf5 Kf7 29. Re4 g6# 0-1

[Event "Titled Tue 24th Jun Early"]
[Site "chess.com INT"]
[Date "2025.06.24"]
[Round "10"]
[White "Hury, Tymoteusz"]
[Black "Estrada Nieto, Julian"]
[Result "1-0"]
[WhiteTitle "CM"]
[BlackTitle "IM"]
[WhiteElo "2115"]
[BlackElo "2181"]
[WhiteFideId "21839328"]
[BlackFideId "5101018"]
[EventDate "2025.06.24"]

1. e4 e5 2. Nf3 Nc6 3. Bc4 Bc5 4. d3 Nf6 5. O-O d6 6. c3 a6 7. h3 Ba7 8. a4 h6
9. Nbd2 g5 10. Qb3 Qe7 11. a5 g4 12. hxg4 Nxg4 13. d4 exd4 14. cxd4 Nxd4 15.
Nxd4 Bxd4 16. Nf3 Ba7 17. Bf4 Ne5 18. Nxe5 dxe5 19. Be3 Rg8 20. Bxa7 Rxa7 21.
Rad1 Qg5 22. Bxf7+ Kf8 23. Bxg8 Bg4 24. Qf7# 1-0

[Event "Titled Tue 24th Jun Early"]
[Site "chess.com INT"]
[Date "2025.06.24"]
[Round "10"]
[White "Dragnev, Valentin"]
[Black "Skliarov, Viktor"]
[Result "1-0"]
[WhiteTitle "GM"]
[BlackTitle "IM"]
[WhiteElo "2547"]
[BlackElo "2334"]
[WhiteFideId "1634852"]
[BlackFideId "14106736"]
[EventDate "2025.06.24"]

1. e4 c5 2. Nf3 Nc6 3. Bc4 g6 4. O-O Bg7 5. c3 e6 6. d4 cxd4 7. Nxd4 a6 8. Bf4
Nxd4 9. cxd4 d5 10. exd5 exd5 11. Bb3 Ne7 12. Re1 O-O 13. Bg5 Be6 14. Nc3 h6 15.
Bxe7 Qxe7 16. Bxd5 Rad8 17. Bxe6 fxe6 18. Qg4 Rf5 19. Qxg6 Rd6 20. Qxf5 1-0

[Event "Titled Tue 24th Jun Early"]
[Site "chess.com INT"]
[Date "2025.06.24"]
[Round "10"]
[White "Borges, Wagner da Silva"]
[Black "Hernandez Jimenez, Alexander Andres"]
[Result "0-1"]
[WhiteTitle "CM"]
[BlackTitle "FM"]
[WhiteElo "2062"]
[BlackElo "2069"]
[WhiteFideId "2100401"]
[BlackFideId "3900452"]
[EventDate "2025.06.24"]

1. Nf3 d5 2. g3 c6 3. Bg2 g6 4. d3 Bg7 5. c4 Nf6 6. Nc3 O-O 7. Bg5 d4 8. Ne4
Nxe4 9. dxe4 c5 10. Qd2 Nc6 11. h4 h5 12. Bh6 e5 13. Bxg7 Kxg7 14. O-O f5 15.
exf5 gxf5 16. Ng5 Qf6 17. e3 Bd7 18. f4 e4 19. g4 hxg4 20. h5 Rh8 21. b4 Rxh5
22. bxc5 dxe3 23. Qxe3 Qd4 24. Kf2 g3+ 25. Ke2 Qxc4+ 26. Ke1 Nb4 27. Rc1 Nd3+
28. Kd1 Ba4+ 29. Kd2 Qxa2+ 0-1

[Event "Titled Tue 24th Jun Early"]
[Site "chess.com INT"]
[Date "2025.06.24"]
[Round "10"]
[White "Nicot, Valentin"]
[Black "Dyulgerov, Volen"]
[Result "0-1"]
[WhiteTitle "CM"]
[BlackTitle "CM"]
[WhiteElo "2206"]
[BlackElo "2200"]
[WhiteFideId "651002477"]
[BlackFideId "2918978"]
[EventDate "2025.06.24"]

1. d4 e5 2. dxe5 d6 3. Nf3 Nc6 4. exd6 Bxd6 5. e4 Nf6 6. Bd3 Bg4 7. O-O Qd7 8.
Nbd2 O-O-O 9. a3 Kb8 10. b4 h5 11. Rb1 Rh6 12. Nc4 Nd4 13. Bxh6 Bxf3 14. Qd2
Bxg2 15. Kxg2 Qg4+ 16. Kh1 Qf3+ 17. Kg1 gxh6 0-1

[Event "Titled Tue 24th Jun Early"]
[Site "chess.com INT"]
[Date "2025.06.24"]
[Round "10"]
[White "Laddha, Shubh Jayesh"]
[Black "Saiz Rodriguez, Daniel Evelio"]
[Result "0-1"]
[WhiteTitle "FM"]
[BlackTitle "FM"]
[WhiteElo "2303"]
[BlackElo "2187"]
[WhiteFideId "30942799"]
[BlackFideId "3523420"]
[EventDate "2025.06.24"]

1. e4 c5 2. Nf3 e6 3. g3 Nc6 4. Bg2 e5 5. O-O g6 6. Na3 Bg7 7. Nc4 d6 8. d3 Nge7
9. a4 O-O 10. Ng5 h6 11. Nh3 Be6 12. f4 f5 13. c3 fxe4 14. fxe5 dxe5 15. Rxf8+
Qxf8 16. Be3 Rd8 17. b3 Rxd3 18. Qe2 Nd5 19. Bxe4 Rxe3 20. Nxe3 Nxc3 21. Qc2 Nd4
22. Qd3 Bxh3 23. Qxd4 cxd4 24. Nc4 Nxe4 0-1

[Event "Titled Tue 24th Jun Early"]
[Site "chess.com INT"]
[Date "2025.06.24"]
[Round "10"]
[White "Fiorito, Francisco"]
[Black "Rustemov, Alexander"]
[Result "0-1"]
[WhiteTitle "IM"]
[BlackTitle "GM"]
[WhiteElo "2433"]
[BlackElo "2525"]
[WhiteFideId "180165"]
[BlackFideId "4119002"]
[EventDate "2025.06.24"]

1. Nf3 d5 2. g3 c6 3. Bg2 Bf5 4. O-O e6 5. d3 h6 6. c4 dxc4 7. dxc4 Nd7 8. Nc3
Ngf6 9. b3 Be7 10. Bb2 O-O 11. Qc1 Qc7 12. Rd1 Rfd8 13. Qf4 Qxf4 14. gxf4 a5 15.
e3 Nc5 16. Ne5 Bc2 17. Rxd8+ Rxd8 18. Rc1 Bh7 19. Bf3 Kf8 20. Kg2 Nfd7 21. Nxd7+
Rxd7 22. Rd1 Rxd1 23. Nxd1 Nd3 24. Bc3 Bb4 25. Be2 Nc1 26. Bf3 Nxa2 27. Bxb4+
axb4 28. e4 Nc1 0-1

[Event "Titled Tue 24th Jun Early"]
[Site "chess.com INT"]
[Date "2025.06.24"]
[Round "10"]
[White "Sahib, Singh"]
[Black "Stojanovski, Sandi"]
[Result "1-0"]
[WhiteTitle "FM"]
[BlackTitle "FM"]
[WhiteElo "2407"]
[BlackElo "2169"]
[WhiteFideId "25618342"]
[BlackFideId "1403249"]
[EventDate "2025.06.24"]

1. e4 d6 2. d4 Nf6 3. Nc3 g6 4. f4 Bg7 5. e5 dxe5 6. fxe5 Nd5 7. Bc4 Nxc3 8.
bxc3 O-O 9. Nf3 c5 10. O-O Bg4 11. Be3 Nc6 12. Qd2 cxd4 13. cxd4 Rc8 14. Bb3 Na5
15. Ng5 Nxb3 16. axb3 f6 17. Ne4 fxe5 18. Rxf8+ Qxf8 19. dxe5 a6 20. Qd5+ Kh8
21. Ng5 e6 22. Qxb7 Rxc2 23. Rf1 Qc8 24. Nf7+ Kg8 25. Nh6+ Bxh6 26. Qf7+ Kh8 27.
Bxh6 Qg8 28. Qf6+ 1-0

[Event "Titled Tue 24th Jun Early"]
[Site "chess.com INT"]
[Date "2025.06.24"]
[Round "10"]
[White "Ersoz, Teoman Guney"]
[Black "Calvo Gonzalez, Jose Felix"]
[Result "1-0"]
[WhiteTitle "CM"]
[BlackTitle "CM"]
[WhiteElo "2052"]
[BlackElo "2168"]
[WhiteFideId "44537050"]
[BlackFideId "54505615"]
[EventDate "2025.06.24"]

1. d4 Nf6 2. Nc3 d5 3. Bg5 Nbd7 4. f3 c6 5. Qd2 Qb6 6. e4 dxe4 7. fxe4 e5 8.
dxe5 Nxe5 9. O-O-O Bb4 10. Nf3 Nxf3 11. gxf3 Be6 12. a3 Be7 13. e5 Nd5 14. Bxe7
Nxe7 15. Ne4 O-O 16. Rg1 Qxg1 17. Bd3 Qb6 18. Nf6+ gxf6 19. exf6 1-0

[Event "Titled Tue 24th Jun Early"]
[Site "chess.com INT"]
[Date "2025.06.24"]
[Round "10"]
[White "Reprintsev, Alexander"]
[Black "Herman, Daniel"]
[Result "1-0"]
[WhiteTitle "IM"]
[WhiteElo "2256"]
[BlackElo "1920"]
[WhiteFideId "14100541"]
[BlackFideId "30935008"]
[EventDate "2025.06.24"]

1. e4 d6 2. d4 Nf6 3. Nc3 e5 4. dxe5 dxe5 5. Qxd8+ Kxd8 6. f4 Bb4 7. Bd2 exf4 8.
O-O-O Nbd7 9. Nh3 Bxc3 10. Bxc3 Nxe4 11. Bxg7 Rg8 12. Be5 Ke8 13. Bxc7 Ndf6 14.
Nxf4 Bg4 15. Re1 Kd7 16. Be5 Rg5 17. Bd4 Re8 18. Bd3 Bf5 19. Bb5+ Kc7 20. Bxe8
Nxe8 21. Nd5+ Kd6 22. Ne3 Bg6 23. Rhf1 Nc7 24. h4 Rh5 25. Bxa7 Rxh4 26. Bb8 Kc6
27. Nf5 Bxf5 28. Rxf5 f6 29. g3 Rg4 30. Rf4 Rxf4 31. gxf4 f5 32. Rh1 Nd5 33.
Rxh7 Nxf4 34. Bxf4 1-0

[Event "Titled Tue 24th Jun Early"]
[Site "chess.com INT"]
[Date "2025.06.24"]
[Round "10"]
[White "Odabasi, Ruzgar"]
[Black "Castillo, Santiago"]
[Result "0-1"]
[WhiteTitle "CM"]
[WhiteElo "2170"]
[BlackElo "2163"]
[WhiteFideId "51604787"]
[BlackFideId "108936"]
[EventDate "2025.06.24"]

1. Nf3 Nf6 2. g3 g6 3. Bg2 Bg7 4. O-O O-O 5. d3 d6 6. c4 Nc6 7. Nc3 e5 8. Bg5 h6
9. Bxf6 Qxf6 10. Nd2 Qd8 11. a3 a5 12. Rb1 Kh7 13. b4 axb4 14. axb4 f5 15. b5
Nd4 16. e3 Ne6 17. Ra1 Rxa1 18. Qxa1 Nc5 19. Qb1 f4 20. exf4 exf4 21. Nd5 fxg3
22. fxg3 c6 23. bxc6 bxc6 24. Nf4 Bf5 25. Bxc6 Bd4+ 26. Kh1 g5 27. Nd5 Bxd3 28.
Rxf8 Qxf8 29. Qe1 Be4+ 30. Nxe4 Qf3# 0-1